000 01420cam a2200409La 4500
001 87214
005 20230410124048.0
008 041027s2006 njua b 001 0 eng
010 _a 2004061624
035 _a(OCoLC)ocn154339645
040 _aDLC
_cCGU
_dBTCTA
_dYDXCP
_dBAKER
_dOCLCG
019 _a149259641
020 _a0131191705
020 _a9780131191709
029 1 _aNZ1
_b8930298
035 _a(OCoLC)154339645
_z(OCoLC)149259641
043 _an-us---
050 1 4 _aLC 3981
_bH597e 2006
082 0 0 _a371.9/0973
049 _aGRAL
100 1 _aHeward, William L.,
_d1949-
245 1 0 _aExceptional children :
_bAn introduction to special education /
_cWilliam L. Heward.
250 _a8a ed.
260 _aUpper Saddle River, N.J. :
_bPearson Education/Merrill/Prentice Hall,
_c2006.
300 _axxiv, 637, [92] p. :
_bcol. ill. ;
_c27 cm. +
_e1 CD-ROM (4 3/4 in.)
504 _aIncludes bibliographical references and indexes.
650 0 _aSpecial education
_zUnited States.
650 0 _aExceptional children
_zUnited States.
650 4 _aEducación especial - Estados unidos.
650 4 _aNiños excepcionales - Estados unidos.
938 _aBaker and Taylor
_bBTCP
_nBK0006170245
938 _aYBP Library Services
_bYANK
_n2259314
938 _aBaker & Taylor
_bBKTY
_c119.33
_d119.33
_i0131191705
_n0006170245
_sactive
942 _2lcc
_cbk
946 _ardc
994 _aC0
_bDRFGD
999 _c70210
_d70210